[Event "SC Lana-SC SSV Taufers"]
[Site "?"]
[Date "2012.10.27"]
[Round "1.2"]
[White "Pichler Norbert"]
[Black "Holzer Phillipp"]
[Result "0-1"]
[WhiteElo "1617"]
[BlackElo "1759"]
[PlyCount "52"]
[EventDate "2012.??.??"]

1. d4 Nf6 2. c4 e6 3. Nc3 d5 4. cxd5 exd5 5. Bf4 Bd6 6. Qd2 O-O 7. Rc1 c6 8.
Nf3 Bf5 9. Bxd6 Qxd6 10. e3 Nbd7 11. Nh4 Bg6 12. Nxg6 hxg6 13. Bd3 Rfe8 14. f3
Qf4 15. Nd1 Qxd4 16. Kf2 Qh4+ 17. g3 Qh3 18. Nc3 Ne5 19. Bf1 Qf5 20. Be2 Neg4+
21. Kg1 Nxe3 22. h3 Rad8 23. Re1 d4 24. Nd1 Qg5 25. g4 Qf4 26. Nxe3 dxe3 0-1

[Event "SC Lana-SC SSV Taufers"]
[Site "?"]
[Date "2012.10.27"]
[Round "1.3"]
[White "Forer Erich"]
[Black "Kofler Albin"]
[Result "1-0"]
[WhiteElo "1733"]
[BlackElo "1560"]
[PlyCount "41"]
[EventDate "2012.??.??"]

1. d4 d5 2. Nf3 Nf6 3. e3 Bf5 4. c4 c6 5. Nc3 e6 6. cxd5 exd5 7. Nh4 Be6 8. Bd3
Bb4 9. O-O Bxc3 10. bxc3 Ne4 11. Qh5 Nd7 12. f4 Ndf6 13. Qe5 Qd6 14. f5 Qxe5
15. dxe5 Nc5 16. fxe6 Nxd3 17. exf6 fxe6 18. f7+ Ke7 19. Ba3+ c5 20. Rad1 g5
21. Rxd3 1-0

[Event "SC Lana-SC SSV Taufers"]
[Site "?"]
[Date "2012.10.27"]
[Round "1.4"]
[White "Del Rosso Peter"]
[Black "Haidacher Gerold"]
[Result "0-1"]
[WhiteElo "1505"]
[BlackElo "1726"]
[PlyCount "106"]
[EventDate "2012.??.??"]

1. b4 e5 2. Bb2 Bxb4 3. Bxe5 Bf8 4. Bb2 Nf6 5. e3 d5 6. Nf3 Bd7 7. c4 Bc6 8.
Nc3 Nbd7 9. d4 Be7 10. Be2 O-O 11. O-O b6 12. Qb3 dxc4 13. Qxc4 Bb7 14. Rfd1
Qc8 15. Qb3 Ne4 16. Nxe4 Bxe4 17. Rac1 Qb7 18. a4 a5 19. Ba3 Bxa3 20. Qxa3 Nf6
21. Ne1 Nd5 22. f3 Bg6 23. Bb5 Nb4 24. Qc3 Rac8 25. Bc4 c6 26. Qd2 b5 27. Bb3
Rfd8 28. e4 Kf8 29. Qg5 Qb6 30. Qc5+ Qxc5 31. Rxc5 Na6 32. Rcc1 f6 33. axb5
cxb5 34. Rxc8 Rxc8 35. Be6 Rc3 36. Nd3 Ke7 37. Bg8 b4 38. Nf4 Bf7 39. Nd5+ Bxd5
40. Bxd5 b3 41. Rb1 a4 42. f4 Nb4 43. Bg8 Nd3 44. e5 fxe5 45. fxe5 Rc1+ 46.
Rxc1 Nxc1 47. Bxh7 a3 48. d5 a2 49. d6+ Kd8 50. e6 a1=Q 51. e7+ Kd7 52. Bf5+
Kxd6 53. e8=Q Nd3+ 0-1

[Event "SC Lana-SC SSV Taufers"]
[Site "?"]
[Date "2012.10.27"]
[Round "1.5"]
[White "Ratschiller Manuel"]
[Black "Unterthurner Walter"]
[Result "0-1"]
[WhiteElo "1495"]
[BlackElo "1341"]
[PlyCount "62"]
[EventDate "2012.??.??"]

1. e4 c5 2. d4 cxd4 3. c3 d6 4. cxd4 e6 5. Nf3 Be7 6. Nc3 a6 7. Bc4 Nf6 8. O-O
O-O 9. e5 dxe5 10. Nxe5 Nbd7 11. Bf4 Nb6 12. Bd3 Nbd5 13. Nxd5 exd5 14. Re1 Re8
15. Bg5 Be6 16. Re3 g6 17. Qb1 Kg7 18. Qc1 Ng8 19. Bxe7 Nxe7 20. Rg3 Nf5 21.
Bxf5 Bxf5 22. Qf4 Be6 23. Ng4 Bxg4 24. Rxg4 Qe7 25. h3 Rac8 26. Rg5 f5 27. Qxf5
Kh6 28. Qxd5 Qxg5 29. Qxb7 Rc1+ 30. Rxc1 Qxc1+ 31. Kh2 Qf4+ 0-1

[Event "SK Deutschnofen-ASK Niederdorf"]
[Site "?"]
[Date "2012.10.27"]
[Round "1.3"]
[White "Girardelli, Daniel"]
[Black "Hofer, Alois"]
[Result "0-1"]
[WhiteElo "1398"]
[BlackElo "1559"]
[PlyCount "53"]
[EventDate "2012.??.??"]

1. e4 c5 2. Nf3 Nc6 3. Bc4 e6 4. d4 cxd4 5. Nxd4 d6 6. O-O Be7 7. Nc3 Nf6 8.
Re1 O-O 9. f4 Nd7 10. Bxe6 Nxd4 11. Bxd7 Nxc2 12. Qxc2 Bxd7 13. Nd5 Re8 14. Qc7
Bc6 15. Qxd8 Bxd8 16. Bd2 f5 17. Bc3 fxe4 18. Rad1 Kf7 19. Ne3 Bb6 20. Rxd6
Rad8 21. Be5 Rxd6 22. Bxd6 Rd8 23. Be5 Rd3 24. Kf2 h5 25. h3 Bd7 26. Bc3 Bb5
27. Re2 0-1

[Event "SK Deutschnofen-ASK Niederdorf"]
[Site "?"]
[Date "2012.10.30"]
[Round "1.4"]
[White "Mittermair Alois"]
[Black "Pallhuber Manfred"]
[Result "1-0"]
[WhiteElo "1502"]
[BlackElo "1382"]
[PlyCount "99"]
[EventDate "2012.??.??"]

1. f4 d5 2. Nf3 Nf6 3. d4 Nc6 4. e3 e6 5. a3 Be7 6. Bd3 O-O 7. Nbd2 Bd7 8. O-O
a6 9. Qe1 h6 10. c3 a5 11. e4 dxe4 12. Nxe4 g6 13. Ne5 Kg7 14. Rf3 Nxe4 15.
Nxd7 Qxd7 16. Bxe4 Rac8 17. Be3 f5 18. Bc2 Nd8 19. Rd1 Qb5 20. b4 axb4 21. axb4
Bf6 22. Bb3 Qc6 23. Bf2 Qe8 24. Re3 c6 25. Bxe6 Nxe6 26. Rxe6 Qf7 27. Rd2 Rfe8
28. Ree2 Rxe2 29. Rxe2 Rc7 30. h3 Re7 31. Rxe7 Qxe7 32. Kf1 Kf7 33. Qe2 Qxe2+
34. Kxe2 Ke6 35. Kd3 b5 36. c4 Be7 37. Be1 Kd6 38. g4 Ke6 39. Bd2 h5 40. gxh5
gxh5 41. d5+ Kd6 42. dxc6 bxc4+ 43. Kxc4 Kxc6 44. Bc3 Bd8 45. Be5 Bb6 46. b5+
Kd7 47. Kd5 Be3 48. Bd6 Bb6 49. Ke5 Be3 50. Bb4 1-0

[Event "SK Ehrenburg-SK Passeier"]
[Site "?"]
[Date "2012.10.27"]
[Round "1.1"]
[White "Pichler, Michael"]
[Black "Hengl, Christian"]
[Result "0-1"]
[WhiteElo "1832"]
[BlackElo "2179"]
[PlyCount "64"]
[EventDate "2012.??.??"]

1. e4 e6 2. d4 d5 3. Nd2 Nf6 4. e5 Nfd7 5. Bd3 c5 6. c3 Nc6 7. Ne2 cxd4 8. cxd4
f6 9. exf6 Nxf6 10. Nf3 Bd6 11. O-O Qc7 12. Bd2 O-O 13. Rc1 Ne4 14. Bxe4 dxe4
15. Ng5 Bxh2+ 16. Kh1 Bd6 17. Qb3 Qe7 18. Kg1 Rf5 19. Nxe4 Bc7 20. Qh3 Bd7 21.
Be3 Raf8 22. Rc5 Bb6 23. g4 Rf3 24. N2g3 h6 25. Rc4 e5 26. d5 Nd4 27. Bxd4 exd4
28. Kg2 Bb5 29. d6 Qe5 30. b3 Qf4 31. Qh5 Bc6 32. Nf5 Bxe4 0-1

[Event "SK Ehrenburg-SK Passeier"]
[Site "?"]
[Date "2012.10.27"]
[Round "1.2"]
[White "Flatscher, Tobias"]
[Black "Innerhofer, Hannes"]
[Result "1/2-1/2"]
[WhiteElo "1706"]
[BlackElo "1629"]
[PlyCount "45"]
[EventDate "2012.??.??"]

1. e4 d5 2. exd5 Nf6 3. Nf3 Nxd5 4. d4 e6 5. Be2 Be7 6. O-O O-O 7. b3 b6 8. c4
Nf6 9. Nc3 Bb7 10. Be3 Nbd7 11. a3 Ne4 12. Nxe4 Bxe4 13. Bd3 Bxd3 14. Qxd3 Nf6
15. Bf4 h6 16. Rfd1 c6 17. Ne5 c5 18. Nc6 Qe8 19. Nxe7+ Qxe7 20. dxc5 e5 21.
Bg3 Qxc5 22. Qd6 Qxd6 23. Rxd6 1/2-1/2

[Event "SK Ehrenburg-SK Passeier"]
[Site "?"]
[Date "2012.10.27"]
[Round "1.3"]
[White "Pirpamer, Klaus"]
[Black "Gruber, Alexander"]
[Result "1/2-1/2"]
[WhiteElo "1749"]
[BlackElo "1796"]
[PlyCount "49"]
[EventDate "2012.??.??"]

1. d4 d5 2. c4 e6 3. Nc3 Nf6 4. Bg5 Be7 5. Nf3 O-O 6. e3 Nbd7 7. Bd3 dxc4 8.
Bxc4 c5 9. O-O Nb6 10. Bd3 cxd4 11. Nxd4 Nbd5 12. Nxd5 Nxd5 13. Bxe7 Qxe7 14.
Rc1 b6 15. Be4 Bb7 16. Nc6 Bxc6 17. Rxc6 Rfd8 18. Qc2 g6 19. Bxd5 Rxd5 20. Rc7
Rd7 21. Rxd7 Qxd7 22. Rd1 Qe7 23. Qa4 Rd8 24. g3 Rxd1+ 25. Qxd1 1/2-1/2

[Event "SK Ehrenburg-SK Passeier"]
[Site "?"]
[Date "2012.10.27"]
[Round "1.4"]
[White "Rastner, Wilhelm"]
[Black "Fauster, Guenther"]
[Result "0-1"]
[WhiteElo "1720"]
[BlackElo "1605"]
[PlyCount "70"]
[EventDate "2012.??.??"]

1. e4 e6 2. f4 d5 3. exd5 exd5 4. d4 Nf6 5. Nf3 Bd6 6. Bd3 O-O 7. O-O c5 8. c3
Nc6 9. dxc5 Bxc5+ 10. Kh1 Ne4 11. Ng5 Nf6 12. b4 Bb6 13. a4 a5 14. b5 Ne7 15.
Ba3 h6 16. Nf3 Re8 17. h3 Nf5 18. Bxf5 Bxf5 19. Nd4 Be4 20. Nd2 Qc7 21. Rc1
Rad8 22. Nxe4 dxe4 23. Qe2 Qd7 24. Rcd1 Qc8 25. Bb2 Bxd4 26. Rxd4 Rxd4 27. cxd4
Nd5 28. f5 Qd7 29. Bc1 Qd6 30. Be3 b6 31. Bg1 Qb4 32. Be3 Nxe3 33. Qxe3 Qxa4
34. Rf4 Qxb5 35. Rxe4 Qb1+ 0-1

[Event "SK Ehrenburg-SK Passeier"]
[Site "?"]
[Date "2012.10.27"]
[Round "1.5"]
[White "Kofler, Josef"]
[Black "Mairhofer, Lino"]
[Result "0-1"]
[WhiteElo "1564"]
[BlackElo "1743"]
[PlyCount "64"]
[EventDate "2012.??.??"]

1. d4 Nf6 2. Nf3 g6 3. c4 d6 4. Nc3 Bg7 5. Bg5 Nbd7 6. e3 O-O 7. Bd3 c6 8. O-O
Qc7 9. Bf4 Nh5 10. Bg5 Nhf6 11. Rc1 e5 12. Bb1 Nb6 13. dxe5 dxe5 14. Bxf6 Bxf6
15. Ne4 Bg7 16. Qd6 Qxd6 17. Nxd6 Rb8 18. b3 Bg4 19. Ng5 h6 20. Ngxf7 Rxf7 21.
Nxf7 Kxf7 22. h3 Be6 23. f4 Nd7 24. Bxg6+ Kxg6 25. g4 exf4 26. exf4 Kh7 27.
Rfe1 Nc5 28. Rcd1 a5 29. f5 Bf7 30. Re7 Kg8 31. Rc7 Kf8 32. a3 Be5 0-1

[Event "SK Ehrenburg-SK Passeier"]
[Site "?"]
[Date "2012.10.27"]
[Round "1.6"]
[White "Falkensteiner, Benjamin"]
[Black "Ennemoser, Karl"]
[Result "1/2-1/2"]
[WhiteElo "1399"]
[BlackElo "1424"]
[PlyCount "57"]
[EventDate "2012.??.??"]

1. e4 e5 2. Nf3 Nc6 3. Bb5 d6 4. O-O Nf6 5. Re1 Be7 6. c3 O-O 7. h3 h6 8. d4
exd4 9. cxd4 Bd7 10. Nbd2 Qc8 11. Nf1 a6 12. Bd3 Nh7 13. Bb1 Bf6 14. Be3 Re8
15. Ng3 Qd8 16. a3 Ng5 17. Nxg5 Bxg5 18. f4 Bh4 19. Qf3 Qf6 20. e5 dxe5 21. Nh5
Qd8 22. Rd1 exd4 23. Bxd4 Nxd4 24. Rxd4 Re1+ 25. Kh2 Qe8 26. Bh7+ Kxh7 27. Rxe1
Bxe1 28. Qd3+ f5 29. Nxg7 1/2-1/2

[Event "SK Klausen-SK Gries"]
[Site "?"]
[Date "2012.10.27"]
[Round "1.1"]
[White "Spornberger, Maximilian"]
[Black "Schacher, Gerd"]
[Result "1-0"]
[WhiteElo "2222"]
[BlackElo "2300"]
[PlyCount "105"]
[EventDate "2012.??.??"]

1. e4 g6 2. d4 Bg7 3. Nc3 c5 4. Be3 cxd4 5. Bxd4 Nf6 6. e5 Nh5 7. Qd2 f6 8.
exf6 Nxf6 9. Bc4 Nc6 10. Be3 e6 11. Bc5 d5 12. Bb5 Nd7 13. Ba3 Qf6 14. Nf3 Nde5
15. O-O-O Nxf3 16. gxf3 Kf7 17. Rhe1 Bf8 18. Bxf8 Rxf8 19. f4 Kg7 20. Ne2 Ne7
21. Kb1 a6 22. Bd3 Kg8 23. Qe3 a5 24. Nd4 Qxf4 25. Nxe6 Qxe3 26. Rxe3 Bxe6 27.
Rxe6 Nc6 28. Rd2 Rf4 29. c3 Raf8 30. Bb5 Rxf2 31. Rxf2 Rxf2 32. Bxc6 bxc6 33.
Rxc6 Rxh2 34. b4 d4 35. bxa5 Rh5 36. a6 Rb5+ 37. Kc2 Ra5 38. cxd4 Rxa2+ 39. Kb3
Ra1 40. d5 Kf7 41. Rc7+ Kf6 42. a7 Ke5 43. Kc4 Kd6 44. Rxh7 Ra4+ 45. Kb5 Ra1
46. Rg7 Kxd5 47. Kb6 Rb1+ 48. Kc7 Ra1 49. Kb8 Rb1+ 50. Rb7 Ra1 51. Rb6 Kc5 52.
Kb7 g5 53. Ra6 1-0

[Event "SK Klausen-SK Gries"]
[Site "?"]
[Date "2012.10.27"]
[Round "1.2"]
[White "Seebacher, Reinhard"]
[Black "Spornberger, Andre"]
[Result "0-1"]
[WhiteElo "1880"]
[BlackElo "2048"]
[PlyCount "68"]
[EventDate "2012.??.??"]

1. e4 d5 2. exd5 Nf6 3. d4 Nxd5 4. c4 Nb6 5. Nc3 g6 6. h3 Bg7 7. Nf3 O-O 8. Be2
Nc6 9. Be3 e5 10. d5 Ne7 11. a4 a5 12. O-O Nf5 13. Bxb6 cxb6 14. Qb3 Re8 15.
Bd3 Nd6 16. Ne4 Nxe4 17. Bxe4 f5 18. Bc2 e4 19. Nh2 Bd4 20. Rad1 Qf6 21. d6 Be6
22. g4 Red8 23. gxf5 gxf5 24. Kh1 Kh8 25. Rxd4 Qxd4 26. Rd1 Qxc4 27. Qxb6 Rd7
28. Bb3 Qxb3 29. Qd4+ Rg7 30. Rg1 Rag8 31. Nf1 Qxh3+ 32. Nh2 h6 33. Rg3 Qh5 34.
Qf6 Bd7 0-1

[Event "SK Klausen-SK Gries"]
[Site "?"]
[Date "2012.10.27"]
[Round "1.4"]
[White "Schrott, Ernst"]
[Black "Paulmichl, Martin"]
[Result "1/2-1/2"]
[WhiteElo "1814"]
[BlackElo "1953"]
[PlyCount "45"]
[EventDate "2012.??.??"]

1. e4 e6 2. c4 d5 3. exd5 exd5 4. cxd5 Nf6 5. Nc3 Nxd5 6. Nf3 Be7 7. d4 O-O 8.
Bc4 Be6 9. Qb3 Bb4 10. O-O Bxc3 11. bxc3 Nc6 12. Ng5 Na5 13. Qc2 g6 14. Nxe6
fxe6 15. Bd3 Qf6 16. g3 Nc6 17. Rb1 b6 18. h4 a5 19. Bg5 Qf3 20. Be4 Qg4 21.
Rbd1 Rae8 22. Bxg6 hxg6 23. Qxg6+ 1/2-1/2

[Event "SK Klausen-SK Gries"]
[Site "?"]
[Date "2012.10.27"]
[Round "1.5"]
[White "Niederstaetter, Harald"]
[Black "Sigmund, Ingenuin"]
[Result "1-0"]
[WhiteElo "1930"]
[BlackElo "1728"]
[PlyCount "31"]
[EventDate "2012.??.??"]

1. d4 e6 2. Nf3 b6 3. Nbd2 Bb7 4. e3 Nf6 5. Bd3 d5 6. O-O Bd6 7. b3 Nbd7 8. Bb2
O-O 9. Ne5 c5 10. f4 cxd4 11. exd4 Nxe5 12. fxe5 Bc7 13. exf6 gxf6 14. Bxh7+
Kxh7 15. Qh5+ Kg7 16. Qg4+ 1-0

[Event "SK Klausen-SK Gries"]
[Site "?"]
[Date "2012.10.27"]
[Round "1.6"]
[White "Seebacher, Michael"]
[Black "Fongarolli, Diego"]
[Result "1-0"]
[WhiteElo "1403"]
[BlackElo "1896"]
[PlyCount "65"]
[EventDate "2012.??.??"]

1. e4 c5 2. Nf3 Nf6 3. Nc3 d6 4. d4 cxd4 5. Nxd4 a6 6. a4 e5 7. Nf3 Be7 8. h3
Qc7 9. Be3 Be6 10. Ng5 Bc4 11. Bxc4 Qxc4 12. Qd3 Qxd3 13. cxd3 Nc6 14. O-O Nb4
15. Rad1 d5 16. exd5 Nfxd5 17. Nxd5 Nxd5 18. Ne4 Rc8 19. Bc1 f5 20. Nd2 Nb4 21.
Nf3 Rc5 22. Rfe1 Nc6 23. d4 exd4 24. Nxd4 Nxd4 25. Rxd4 Rc7 26. Rd5 O-O 27. Bf4
Bb4 28. Re6 Rc2 29. Rd7 Rxb2 30. Be5 Rb1+ 31. Kh2 Rf7 32. Re8+ Bf8 33. Bd6 1-0

[Event "SK Naturns Jambo-SC Naturns Jambo II"]
[Site "?"]
[Date "2012.10.27"]
[Round "1.1"]
[White "Gurschler, Thomas"]
[Black "Nicolodi, Raoul"]
[Result "0-1"]
[WhiteElo "1674"]
[BlackElo "1983"]
[PlyCount "38"]
[EventDate "2012.??.??"]

1. d4 d5 2. c4 dxc4 3. e4 Nc6 4. Nf3 Bg4 5. Be3 e6 6. Bxc4 Bxf3 7. gxf3 Qf6 8.
Nc3 O-O-O 9. Qa4 Bb4 10. O-O-O Bxc3 11. bxc3 Qxf3 12. d5 exd5 13. exd5 Ne5 14.
Bb5 a6 15. Bxa6 bxa6 16. Qxa6+ Kd7 17. d6 c5 18. Qa7+ Ke6 19. Qxc5 Qxh1 0-1

[Event "SK Naturns Jambo-SC Naturns Jambo II"]
[Site "?"]
[Date "2012.10.27"]
[Round "1.2"]
[White "Unterthurner, Hans"]
[Black "Naegele, Raimund"]
[Result "1-0"]
[WhiteElo "2029"]
[BlackElo "1653"]
[PlyCount "61"]
[EventDate "2012.??.??"]

1. e4 e5 2. Nf3 Nc6 3. Nc3 d6 4. d4 exd4 5. Nxd4 Nf6 6. Bc4 Be7 7. O-O O-O 8.
h3 Na5 9. Be2 Bd7 10. Qd3 a6 11. Qg3 Kh8 12. Rd1 c5 13. Nb3 Nc6 14. Bf4 Ne8 15.
Nd5 Ne5 16. Nxc5 Bc6 17. Nd3 Bxd5 18. exd5 Ng6 19. c3 Nxf4 20. Nxf4 Bf6 21. Nd3
Nc7 22. Bf3 Qd7 23. c4 b5 24. c5 dxc5 25. Nxc5 Qd8 26. d6 Ne6 27. Nxe6 fxe6 28.
Bxa8 Qxa8 29. d7 Bxb2 30. Qd6 Bf6 31. Rac1 1-0

[Event "SK Naturns Jambo-SC Naturns Jambo II"]
[Site "?"]
[Date "2012.10.27"]
[Round "1.3"]
[White "Christanell, Anton"]
[Black "Pichler, Christoph"]
[Result "0-1"]
[WhiteElo "1581"]
[BlackElo "1843"]
[PlyCount "54"]
[EventDate "2012.??.??"]

1. e4 e5 2. Nf3 Nf6 3. d3 Nc6 4. Be2 d5 5. exd5 Nxd5 6. O-O Be7 7. Re1 O-O 8.
Nc3 Be6 9. Ne4 f5 10. Ng3 Qd6 11. b3 Nf4 12. Bb2 Bf6 13. Bf1 e4 14. Bxf6 exf3
15. Bb2 fxg2 16. Bxg2 Nxg2 17. Kxg2 Nd4 18. Kg1 Rf6 19. c3 Nc6 20. d4 Rg6 21.
Kf1 f4 22. Ne4 Bh3+ 23. Ke2 f3+ 24. Kd2 Qf4+ 25. Kc2 Bf5 26. Bc1 Bxe4+ 27. Kb2
Qf5 0-1

[Event "SK Naturns Jambo-SC Naturns Jambo II"]
[Site "?"]
[Date "2012.10.27"]
[Round "1.4"]
[White "Naegele, Norbert"]
[Black "Christanell, Andre"]
[Result "1-0"]
[WhiteElo "1786"]
[BlackElo "1559"]
[PlyCount "49"]
[EventDate "2012.??.??"]

1. d4 Nf6 2. c4 e6 3. Nc3 d5 4. Nf3 b6 5. a3 Bb7 6. cxd5 Nxd5 7. Bd2 Nd7 8.
Nxd5 exd5 9. g3 Bd6 10. Bg5 Be7 11. Bxe7 Qxe7 12. Bh3 O-O 13. Rc1 c6 14. O-O
Nf6 15. b4 Ne4 16. Qb3 Qf6 17. Rc2 Rfe8 18. Bd7 Re7 19. Ne5 Qd6 20. Bxc6 Bxc6
21. Rxc6 Qd8 22. Rc2 Rc7 23. Rxc7 Qxc7 24. Qxd5 Rc8 25. Qxe4 1-0

[Event "SK Naturns Jambo-SC Naturns Jambo II"]
[Site "?"]
[Date "2012.10.27"]
[Round "1.5"]
[White "Zoeschg, Herbert"]
[Black "Gurschler, Gregor"]
[Result "0-1"]
[WhiteElo "1461"]
[BlackElo "1743"]
[PlyCount "24"]
[EventDate "2012.??.??"]

1. e4 e5 2. Bc4 Bc5 3. Qe2 Nf6 4. Nf3 d6 5. Nc3 a6 6. a3 Nc6 7. d3 b5 8. Nd5
bxc4 9. Bg5 Bg4 10. b4 cxb3 11. cxb3 Nd4 12. Qd2 Bxf3 0-1

[Event "SK Naturns Jambo-SC Naturns Jambo II"]
[Site "?"]
[Date "2012.10.27"]
[Round "1.6"]
[White "Kaserer, Hanspeter"]
[Black "Nischler, Hermann"]
[Result "1-0"]
[WhiteElo "1725"]
[BlackElo "1467"]
[PlyCount "57"]
[EventDate "2012.??.??"]

1. c4 e5 2. g3 Nf6 3. Nc3 Bb4 4. Bg2 O-O 5. e4 c6 6. a3 Be7 7. Nf3 d6 8. d4
exd4 9. Nxd4 Re8 10. O-O Nbd7 11. b3 Ne5 12. f4 Neg4 13. h3 Nh6 14. g4 Nfxg4
15. hxg4 Nxg4 16. Qd3 Bf6 17. Ra2 g6 18. Rd2 Qe7 19. Bb2 Bg7 20. a4 Qh4 21. Qh3
Qf6 22. Qg3 h5 23. Ba3 Kh7 24. e5 dxe5 25. Ne4 Qd8 26. Nxc6 Qb6+ 27. Bc5 Qxc6
28. Ng5+ Kg8 29. Bxc6 1-0

[Event "SK Ridnaun-SG Tramin/Kaltern II"]
[Site "?"]
[Date "2012.10.27"]
[Round "1.1"]
[White "Thaler, Elmar"]
[Black "Aigner, Helmut"]
[Result "0-1"]
[WhiteElo "1721"]
[BlackElo "1819"]
[PlyCount "63"]
[EventDate "2012.??.??"]

1. d4 Nf6 2. c4 g6 3. Nc3 Bg7 4. Nf3 O-O 5. e4 d6 6. Be2 c6 7. O-O a6 8. a4 Bg4
9. Be3 Nbd7 10. h3 Bxf3 11. Bxf3 Qc7 12. Qb3 c5 13. d5 h6 14. Qc2 g5 15. Be2
Ne5 16. Qd2 Ng6 17. f3 Nh5 18. f4 gxf4 19. Bxh5 fxe3 20. Qe2 Qa5 21. Nd1 Qb4
22. Kh1 b5 23. Bxg6 fxg6 24. Rxf8+ Rxf8 25. axb5 axb5 26. Nxe3 Qxb2 27. Qxb2
Bxb2 28. Rb1 Bd4 29. Nc2 bxc4 30. Nxd4 cxd4 31. Rc1 d3 32. Rxc4 0-1

[Event "SK Ridnaun-SG Tramin/Kaltern II"]
[Site "?"]
[Date "2012.10.30"]
[Round "1.2"]
[White "Helfer August"]
[Black "Unterkofler Alex"]
[Result "0-1"]
[WhiteElo "1652"]
[BlackElo "1657"]
[PlyCount "92"]
[EventDate "2012.??.??"]

1. d4 Nf6 2. Nf3 g6 3. c4 Bg7 4. Nc3 d5 5. Bg5 Ne4 6. cxd5 Nxg5 7. Nxg5 e6 8.
Nf3 exd5 9. e3 O-O 10. Rc1 c6 11. Be2 Nd7 12. O-O Nf6 13. b4 a6 14. a4 Qd6 15.
Qb3 b5 16. a5 Bb7 17. Rc2 Rfe8 18. Rfc1 Bf8 19. Na2 Ne4 20. Bd3 f5 21. Ne5 Rxe5
22. dxe5 Qxe5 23. Bxe4 fxe4 24. Qc3 Qe6 25. Qd2 Bd6 26. f4 exf3 27. gxf3 Re8
28. Re1 Qf5 29. Qf2 Qg5+ 30. Qg2 Qh4 31. Qd2 Bxh2+ 32. Kg2 Qg3+ 33. Kf1 Qxf3+
34. Qf2 Qh3+ 35. Ke2 d4 36. Kd2 Bg3 37. Qf1 Bxe1+ 38. Qxe1 Rxe3 39. Qg1 Qf5 40.
Kc1 Qe4 41. Kb2 d3 42. Rd2 c5 43. Qh2 Qd4+ 44. Ka3 cxb4+ 45. Nxb4 Qc3+ 46. Ka2
Qxd2+ 0-1

[Event "SK Ridnaun-SG Tramin/Kaltern II"]
[Site "?"]
[Date "2012.10.30"]
[Round "1.3"]
[White "Sinner Armin"]
[Black "Obermueller Johann"]
[Result "1/2-1/2"]
[WhiteElo "1608"]
[BlackElo "1536"]
[PlyCount "47"]
[EventDate "2012.??.??"]

1. e4 e5 2. Nf3 Nc6 3. Bb5 Nf6 4. O-O Be7 5. Re1 d6 6. c3 O-O 7. h3 Nb8 8. d4
Bd7 9. Bd3 Nc6 10. d5 Nb8 11. c4 Ne8 12. Nc3 f5 13. exf5 Bxf5 14. Bxf5 Rxf5 15.
Qc2 Rf8 16. Ne4 h6 17. Ng3 Nd7 18. b4 Rf7 19. Be3 Nf8 20. c5 Nh7 21. Rad1 Ng5
22. Nxg5 Bxg5 23. Ne4 Bxe3 24. Rxe3 1/2-1/2

[Event "SK Ridnaun-SG Tramin/Kaltern II"]
[Site "?"]
[Date "2012.10.30"]
[Round "1.4"]
[White "Helfer Sieghard"]
[Black "Steinegger Elmar"]
[Result "1/2-1/2"]
[WhiteElo "1532"]
[BlackElo "1427"]
[PlyCount "57"]
[EventDate "2012.??.??"]

1. d4 Nf6 2. c4 e6 3. Nc3 c5 4. Nf3 h6 5. Bf4 a6 6. e4 cxd4 7. Nxd4 Bb4 8. Bd3
Bxc3+ 9. bxc3 d6 10. Nb3 e5 11. Be3 O-O 12. O-O Ng4 13. Qe2 Nxe3 14. Qxe3 Be6
15. f4 f6 16. f5 Bf7 17. Rf3 Nd7 18. Rg3 Kh7 19. Rd1 Qc7 20. Nd2 Nc5 21. Be2
Rab8 22. Rh3 Nd7 23. g4 Qc5 24. Kf2 Qxe3+ 25. Kxe3 Rfc8 26. Rg1 Kg8 27. Rhg3
Nb6 28. h4 Kf8 29. g5 1/2-1/2

[Event "SK Ridnaun-SG Tramin/Kaltern II"]
[Site "?"]
[Date "2012.10.30"]
[Round "1.5"]
[White "Sanin Wilfried"]
[Black "Gasteiger Josef"]
[Result "0-1"]
[WhiteElo "1503"]
[BlackElo "1370"]
[PlyCount "116"]
[EventDate "2012.??.??"]

1. d4 d5 2. Bf4 Nf6 3. h3 e6 4. e3 c5 5. dxc5 Bxc5 6. c3 Nc6 7. Nf3 a6 8. Bd3
Bd6 9. Bxd6 Qxd6 10. O-O e5 11. Bc2 e4 12. Nfd2 b5 13. Nxe4 Nxe4 14. Bxe4 Be6
15. Bf3 O-O 16. Nd2 Rad8 17. Nb3 Rfe8 18. Nd4 Ne5 19. Be2 Ng6 20. Bg4 Bxg4 21.
Qxg4 Re4 22. Qd1 Re5 23. a3 Qd7 24. Qf3 Rg5 25. Kh1 h6 26. Rg1 Nh4 27. Qf4 Ng6
28. Qh2 Re8 29. Rad1 Nh4 30. Nf3 Nxf3 31. gxf3 Rh5 32. Rg3 Qf5 33. Rd2 Qb1+ 34.
Kg2 Qc1 35. Rd4 Qxb2 36. Rdg4 g5 37. Rd4 Rxe3 38. f4 Re2 39. Qg1 Qc2 40. Rxd5
Qe4+ 41. Kh2 Qxd5 42. Qf1 Qd2 43. Kg2 Re4 44. Rd3 Qxf4 45. Rf3 Qe5 46. Qd3 g4
47. Qd8+ Kg7 48. Rg3 Rxh3 49. Rxh3 gxh3+ 50. Kxh3 Qxc3+ 51. Kg2 Rg4+ 52. Kf1
Qc1+ 53. Ke2 Re4+ 54. Kf3 Qf4+ 55. Kg2 Qg5+ 56. Qxg5+ hxg5 57. Kg3 Rd4 58. f3
f6 0-1

[Event "SK Steinegg/Raiffeisen-Wipptal Schach"]
[Site "?"]
[Date "2012.10.27"]
[Round "1.1"]
[White "De Bettin Sergio"]
[Black "Engl Stefan"]
[Result "1/2-1/2"]
[WhiteElo "1713"]
[BlackElo "1828"]
[PlyCount "67"]
[EventDate "2012.??.??"]

1. e4 d5 2. exd5 Qxd5 3. Nc3 Qd6 4. d4 Nf6 5. Nf3 c6 6. h3 Bf5 7. Bd3 Bxd3 8.
Qxd3 Nbd7 9. a3 e6 10. O-O Qc7 11. Ng5 Be7 12. Re1 O-O 13. Bd2 a6 14. Nge4 Rad8
15. Qf3 Qb6 16. Qe3 Nxe4 17. Nxe4 Nf6 18. Bc3 Nxe4 19. Qxe4 Rd5 20. Rad1 Rfd8
21. Rd3 Bf6 22. Red1 Qb5 23. b4 Qc4 24. Qe3 Rf5 25. Qc1 Bh4 26. g3 Bg5 27. Bd2
Bf6 28. Be3 Rfd5 29. Qb2 h6 30. c3 e5 31. Qa1 e4 32. R3d2 Rh5 33. Kg2 Qe6 34.
Rh1 1/2-1/2

[Event "SK Steinegg/Raiffeisen-Wipptal Schach"]
[Site "?"]
[Date "2012.10.27"]
[Round "1.2"]
[White "Lantschner, Carmen"]
[Black "Sparber, Werner"]
[Result "1/2-1/2"]
[WhiteElo "1726"]
[BlackElo "1642"]
[PlyCount "44"]
[EventDate "2012.??.??"]

1. e4 e5 2. Nf3 Nc6 3. d4 exd4 4. Nxd4 d6 5. Be2 Nf6 6. Nc3 Be7 7. O-O O-O 8.
Be3 Bd7 9. f4 a6 10. Qe1 b5 11. a3 Rb8 12. b4 Nxd4 13. Bxd4 Bc6 14. Bf3 Bb7 15.
Bf2 Nd7 16. Nd5 Bxd5 17. exd5 Bf6 18. c3 Nb6 19. Qd2 Re8 20. Bd4 Nc4 21. Qd3
Nb2 22. Qd2 Nc4 1/2-1/2

[Event "SK Steinegg/Raiffeisen-Wipptal Schach"]
[Site "?"]
[Date "2012.10.30"]
[Round "1.3"]
[White "Giorgione Roberto"]
[Black "Engl Alexander"]
[Result "1-0"]
[WhiteElo "1444"]
[BlackElo "1710"]
[PlyCount "79"]
[EventDate "2012.??.??"]

1. e4 d5 2. exd5 Qxd5 3. Nc3 Qd6 4. Nf3 a6 5. d3 Nf6 6. Be2 Bg4 7. O-O Nbd7 8.
a3 e6 9. Rb1 Be7 10. Bd2 O-O 11. Ne1 Bxe2 12. Qxe2 Nb6 13. Nf3 Rad8 14. Rbd1
Nbd5 15. Ne4 Qb6 16. b4 Qc6 17. c4 Nb6 18. Nxf6+ Bxf6 19. Bg5 Bxg5 20. Nxg5 Qa4
21. Qe4 g6 22. Qxb7 Nxc4 23. Qxc7 Nb2 24. Rd2 Qxa3 25. Ne4 Rxd3 26. Rxd3 Qxd3
27. Qe5 Nc4 28. Nf6+ Kg7 29. Qa1 e5 30. Ng4 Re8 31. Qxa6 Re6 32. Qa1 h5 33. Ne3
Nxe3 34. fxe3 Qxe3+ 35. Kh1 Qb6 36. Qb2 Qb5 37. Re1 f6 38. Qd2 Rb6 39. Rc1 Rc6
40. Qd7+ 1-0

[Event "SK Steinegg/Raiffeisen-Wipptal Schach"]
[Site "?"]
[Date "2012.10.30"]
[Round "1.4"]
[White "Resch Aaron"]
[Black "Perfler Manfred"]
[Result "1-0"]
[WhiteElo "1709"]
[BlackElo "1367"]
[PlyCount "55"]
[EventDate "2012.??.??"]

1. e4 e5 2. Nf3 Nc6 3. Bc4 Bc5 4. Nc3 Nf6 5. d3 h6 6. Be3 Bxe3 7. fxe3 d6 8.
O-O Na5 9. Bb3 Nxb3 10. axb3 O-O 11. Qe1 c6 12. Qg3 Be6 13. Nh4 a6 14. Nf5 Nh5
15. Nxh6+ Kh7 16. Nxf7 Bxf7 17. Qg4 Nf6 18. Qh4+ Kg8 19. Rf3 Qd7 20. Raf1 Be6
21. Ne2 Kf7 22. Ng3 Ke8 23. Nh5 Qe7 24. Qg5 Rf7 25. Nxg7+ Kd7 26. Nxe6 Rg8 27.
Qxg8 Rg7 28. Qxg7 1-0